Cultura Champions League siglo XXI (2ª parte) - Estadísticas

Estadísticas generales
  • Esta prueba ha sido intentada 51 veces
  • La puntuación promedio es 9 de 10
Estadísticas de respuestas
Pregunta Respuesta % Correcto
Qué jugador de la Juventus marcó una chilena en la final de 2017 Mario Mandzukic
94%
Qué jugador asistió a Zidane en su volea en la final de 2002 Roberto Carlos
92%
Cuántas finales de Champions ha perdido el Borussia Dortmund este siglo? 2
90%
En qué años ganó José Mourinho sus 2 Champions 2004 y 2010
90%
En qué años el Atlético de Madrid llegó a la final 2014 y 2016
90%
Cuál de estos jugadores no ha ganado dos Champions con dos equipos distintos Ronaldo Nazario
88%
Qué jugador del Chelsea marcó el penalti de la victoria (el quinto) en la final de 2012 Didier Drogba
86%
Cuál de estos ganadores del balón de oro nunca ha ganado una champions Cannavaro
82%
Qué equipo eliminó al A.C. Milan en la temporada 2003-2004 Deportivo de la Coruña
80%
Qué equipo ganó la Champions de la temporada 2018-19 Liverpool
78%
No se encontraron pruebas coincidentes
Distribución de puntuación
Porcentaje de gente con cada puntuación
Porcentaje por número respondido
Historial de tus puntuaciones
No has intentado esta prueba.